Weiter zum Inhalt

История экономики учебно-методическое пособие

Учебно-методическое пособие подготовлено на кафедре международной экономики и внешнеэкономической деятельности факультета международных отношений Воронежского государственного университета. Рекомендуется для студентов всех форм обучения бакалавриата факультета международных отношений. Для направлени...

Ausführliche Beschreibung

Gespeichert in:
Bibliographische Detailangaben
Format: Книга
Sprache:Russian
Veröffentlicht: Воронеж ВГУ 2016
Online Zugang:https://e.lanbook.com/book/165287
https://e.lanbook.com/img/cover/book/165287.jpg
Tags: Tag hinzufügen
Keine Tags, Fügen Sie den ersten Tag hinzu!
LEADER 01398nam0a2200217 i 4500
001 165287
003 RuSpLAN
005 20221220174117.0
008 221220s2016 ru gs 000 0 rus
040 |a RuSpLAN 
041 0 |a rus 
044 |a ru 
245 0 0 |a История экономики  |b учебно-методическое пособие 
260 |a Воронеж  |b ВГУ  |c 2016 
300 |a 115 с. 
504 |a Библиогр.: доступна в карточке книги, на сайте ЭБС Лань 
520 8 |a Учебно-методическое пособие подготовлено на кафедре международной экономики и внешнеэкономической деятельности факультета международных отношений Воронежского государственного университета. Рекомендуется для студентов всех форм обучения бакалавриата факультета международных отношений. Для направления 38.03.01 – Экономика 
521 8 |a Книга из коллекции ВГУ - Экономика и менеджмент 
856 4 |u https://e.lanbook.com/book/165287 
856 4 8 |u https://e.lanbook.com/img/cover/book/165287.jpg 
953 |a https://e.lanbook.com/img/cover/book/165287.jpg